000 00632nam a2200205 4500
003 OSt
005 20230907111828.0
008 708 R549v
040 _cLado V
082 _a779
_bC268i
100 _91020
_aCardoso, Pablo
_eautor
245 _aInstrucciones de viaje/
260 _aMiami
_bDPM Galery
_c2006
300 _a38p.
_c20x15cm
650 _2Tesauro de Arte & Arquitectura
_aARTE
_9702
650 _2Tesauro de Arte & Arquitectura
_aFOTOGRAFIA
_9702
650 _2Tesauro de Arte & Arquitectura
_aPAISAJE
_9702
650 _2Tesauro de Arte & Arquitectura
_aEXHIBICIÓN
942 _2ddc
_c1
_h779
_iC268i
_n0
999 _c4286
_d4286